| 000 | 00357nab a22001097u 4500 | ||
|---|---|---|---|
| 008 | 130520b2004 xxu||||| |||| 00| 0 spa d | ||
| 041 | _aspa | ||
| 100 | 1 |
_aÁlvarez de los Mozos, Patxi _970697 |
|
| 245 | 0 | 0 |
_aPor una solidaridad con Espíritu _cPatxi Álvarez De Los Mozos |
| 773 | 0 |
_tConfer _gV.43, nº167,2004,págs. 589-606 _x0212-6729 _wRev135 |
|
| 942 | _cAR | ||
| 999 |
_c415911 _d415911 |
||